000 00541nam a2200169 4500
999 _c4269
_d4269
008 160903b xxu||||| |||| 00| 0 eng d
022 _a2094-8042
082 _aDPer 370.105 M72 Jan-Dec 2012 v. 60-61
100 _913981
_aCangco, Edilberto G.
243 _aThe modern teacher
245 _aAng watawat ng lahi/
_cEdilberto G. Cangco.
260 _aPhilippines:
_bIn the Grade School, Inc.,
_c©2012.
300 _av61 n1, page 33;
_c28 cm.
500 _aThe Modern Teacher
650 0 _913982
_aPhilippine poetry
942 _2ddc
_cPER